000 00706nam a2200253Ia 4500
001 11071
003 GE_BSU
008 181216s||||||||xx |||||||||||||| ||und||
020 _a9781856176194
040 _cGE_BSU
080 _a025.5
100 _aEdwards,Brian
245 _aLibraries and Learning Resource Centres.
250 _aSecond Edition.
260 _aAMSTERDAM.
260 _bELSEVIER.
260 _c2009.
300 _a270p;ill;27cm.
520 _aშემოსულია ტემპუსის პროექტით.
541 _h181Gel.
653 _aLibraries and Learning Resource Centres.
653 _aტემპუსის პროექტით
942 _cBK
999 _c44313
_d44313